| 000 | 01269nam a22002657a 4500 | ||
|---|---|---|---|
| 005 | 20081117123210.0 | ||
| 008 | 081117t xxu||||| |||| 00| 0 hin d | ||
| 010 | _aHIN-93871 | ||
| 020 |
_c240.00 _a9789380523200 |
||
| 035 | _aHN-66217 | ||
| 037 | _bDBAD / PUB | ||
| 040 |
_aDPL _bHN |
||
| 082 | _a425 | ||
| 245 |
_aव्यावहारिक हिंदी व्याकरण भाषा-ज्ञान और रचना / _cराघव प्रकाश... (आदि) |
||
| 246 |
_bby Sulochanaa Srihari Deshpande _aVyaavahaarika Hindi vyaakarana Bhasha gyan aur rachna |
||
| 250 | _a2रा संस्क | ||
| 260 |
_aजयपुर _bश्री प्रकाशन _c2010 |
||
| 270 |
_aसी-393, हंस मार्ग, मालवीय नगर _bजयपुर |
||
| 300 |
_a436पृ _c22सेमी (सजिल्द) |
||
| 650 |
_aहिन्दी भाषा _xव्याकरण _934325 |
||
| 650 |
_aHindi language _xGrammar _934326 |
||
| 700 |
_aराघव प्रकाश _934327 |
||
| 942 |
_2ddc _cHN _mव्यावहा _h425 |
||
| 999 |
_c56279 _d56279 |
||